| 000 -LEADER |
| fixed length control field |
00970nam a22002057a 4500 |
| 005 - DATE AND TIME OF LATEST TRANSACTION |
| control field |
20221107112508.0 |
| 008 - FIXED-LENGTH DATA ELEMENTS--GENERAL INFORMATION |
| fixed length control field |
220114s2020 enk||||| |||| 00| 0 eng d |
| 020 ## - INTERNATIONAL STANDARD BOOK NUMBER |
| International Standard Book Number |
9780007268146x |
| 041 ## - LANGUAGE CODE |
| Language code of text/sound track or separate title |
eng |
| 080 ## - UNIVERSAL DECIMAL CLASSIFICATION NUMBER |
| Universal Decimal Classification number |
598.2(4) S-51 |
| 100 ## - MAIN ENTRY--PERSONAL NAME |
| Personal name |
Svensson, Lars |
| 9 (RLIN) |
13388 |
| 245 ## - TITLE STATEMENT |
| Title |
Collins Bird Guide: |
| Remainder of title |
The Most Complete Guide to the Birds of Britain and Europe / |
| Statement of responsibility, etc. |
Lars Svensson. |
| 264 ## - PRODUCTION, PUBLICATION, DISTRIBUTION, MANUFACTURE, AND COPYRIGHT NOTICE |
| Place of production, publication, distribution, manufacture |
Londeon : |
| Name of producer, publisher, distributor, manufacturer |
HarperCollins Publishers, |
| Date of production, publication, distribution, manufacture, or copyright notice |
2020. |
| 300 ## - PHYSICAL DESCRIPTION |
| Extent |
446 p.: |
| Other physical details |
ill.; |
| Dimensions |
20 cm. |
| 653 ## - INDEX TERM--UNCONTROLLED |
| keyword |
კოლინზის ჩიტის გზამკვლევი |
| 653 ## - INDEX TERM--UNCONTROLLED |
| keyword |
Путеводитель по птицам Коллинза |
| 653 ## - INDEX TERM--UNCONTROLLED |
| keyword |
ბრიტანეთისა და ევროპის ფრინველების ყველაზე სრულყოფილი გზამკვლევი |
| 653 ## - INDEX TERM--UNCONTROLLED |
| keyword |
Самый полный путеводитель по птицам Британии и Европы |
| 942 ## - ADDED ENTRY ELEMENTS (KOHA) |
| Source of classification or shelving scheme |
|
| Koha item type |
წიგნი |